| 000 | 00000nam 2200000za 4500 |
| 001 | 9.699545 |
| 003 | CaOODSP |
| 005 | 20230310091337 |
| 007 | cr ||||||||||| |
| 008 | 150407|2014||||xxc|||||o f|0| 0 eng d |
| 020 | |a978-1-100-24677-2 |
| 040 | |aCaOODSP|beng |
| 043 | |an-cn--- |
| 086 | 1 |aA118-10/11-2014E-PDF |
| 110 | 1 |aCanada.|bAgriculture and Agri-Food Canada. |bPest Management Centre. |
| 245 | 10|aCrop profile for carrot in Canada, 2012 / |h[electronic resource]|cprepared by: Pesticide Risk Reduction Program. |
| 250 | |aSecond edition |
| 260 | |aOttawa - Ontario : |bAgriculture and Agri-Food Canada. |cc2014. |
| 300 | |a54p.|bcoloured map, references, tables |
| 590 | |a14-33|b2014-08-15 |
| 775 | 08|tProfil de la culture de la carotte au Canada, 2012 / |w(CaOODSP)9.643495 |
| 794 | |tCrop profile for carrot in Canada, 2015 |w(CaOODSP)9.848287 |
| 795 | |tCrop profile for carrot in Canada / |w(CaOODSP)9.692215 |
| 856 | 40|ahttp://publications.gc.ca|qPDF|s1.27 MB|uhttps://publications.gc.ca/collections/collection_2014/aac-aafc/A118-10-11-2014-eng.pdf |
| 986 | |aAAFC No.: 12213E |